000 00469cam a2200193ua 4500
001 7953
008 150102n ii |||gr||||Z||||||hin
040 _cMAIN
041 _ahin
082 _a891.43
100 _aDas, J.,
_eEditor.
245 1 _aBihari ratnakar
_cEdited by Jagannath Das
250 _a1st.
260 _aBaranasi:
_bRaghav,
_c1986.
300 _a331p.
653 _aEast Indo-European & Celtic literatures
653 _aHindi literature
942 _cBK
999 _c7073
_d7073